Métodos de planificación familiar /
La Asociación Demográfica Costarricense realiza este escrito en formato de cómic para informar a la población acerca de diversos temas relacionados a la planificación familiar y a la salud sexual. Se busca de esta forma ayuda a las parejas que podrían ser progenitoras en un futuro a que logren reali...
Gorde:
| Beste egile batzuk: | |
|---|---|
| Formatua: | Liburua |
| Hizkuntza: | Spanish |
| Argitaratua: |
Costa Rica :
Asociación Demográfica Costarricense,
1987
|
| Edizioa: | 2° edición |
| Gaiak: | |
| Etiketak: |
Etiketa erantsi
Etiketarik gabe, Izan zaitez lehena erregistro honi etiketa jartzen!
|
MARC
| LEADER | 00000nam a22000007a 4500 | ||
|---|---|---|---|
| 001 | 18665 | ||
| 003 | cru CIDCACS/IIS | ||
| 005 | 20221128163759.0 | ||
| 007 | ta | ||
| 008 | 161027s1987 cr ||||| |||| 00| 0 spa d | ||
| 040 | |c cru CIDCACS/IIS | ||
| 090 | |a 14.05.01 M593m | ||
| 245 | 0 | |a Métodos de planificación familiar / |c editado por Asociación Demográfica Costarricense ; Pilar Saavedra-Vela, editora | |
| 250 | |a 2° edición | ||
| 260 | |a Costa Rica : |b Asociación Demográfica Costarricense, |c 1987 | ||
| 300 | |a 25 páginas : |b ilustraciones | ||
| 520 | 3 | |a La Asociación Demográfica Costarricense realiza este escrito en formato de cómic para informar a la población acerca de diversos temas relacionados a la planificación familiar y a la salud sexual. Se busca de esta forma ayuda a las parejas que podrían ser progenitoras en un futuro a que logren realizar este acto de forma planificada, deseada adecuándose a las necesidades de la misma. Las ilustraciones relatan acerca de la historia de los métodos anticonceptivos, avances y labor científico, explicación de algunos métodos anticonceptivos así como preguntas relevantes de personas que ya los han utilizado en el pasado. FGO 28/11/2022 | |
| 650 | 0 | 0 | |2 OCDE |9 3899 |a PLANIFICACION FAMILIAR |
| 650 | 0 | 7 | |9 9343 |a ANTICONCEPCION |
| 651 | 0 | |2 TESAURO OCDE |9 32 |a COSTA RICA | |
| 700 | 1 | |9 268 |a Saavedra-Vela, Pilar |e editora | |
| 942 | |2 ddc |c LI | ||
| 999 | |c 18665 |d 18665 | ||
